| 000 | 00399nam a2200133Ia 4500 | ||
|---|---|---|---|
| 008 | 231017s9999 xx 000 0 und d | ||
| 082 | _a388.09172LEB | ||
| 082 | _bLEB | ||
| 245 | 0 | _aDesign and Appraisal of Rural Transport infrastructure ensuring basic access for rural communities | |
| 245 | 0 | _cWB Technical paper no.496 | |
| 260 | _bWB Technical paper no.496 | ||
| 300 | _c30cm | ||
| 942 | _cREP | ||
| 999 |
_c605219 _d605219 |
||